[Event "MrDodgy Inv 3 Finals"]
[Site "chess24.com INT"]
[Date "2022.11.30"]
[Round "3.6"]
[White "Sevian, Samuel"]
[Black "Carlsen, Magnus"]
[Result "1/2-1/2"]
[WhiteTitle "GM"]
[BlackTitle "GM"]
[WhiteElo "2687"]
[BlackElo "2859"]
[WhiteFideId "2040506"]
[BlackFideId "1503014"]
[EventDate "2022.11.27"]
[EventType "k.o."]

1. e4 c5 2. Nf3 e6 3. d4 cxd4 4. Bg5 Qa5+ 5. c3 dxc3 6. Nxc3 Nc6 7. Bd3 a6 8.
O-O Be7 9. Bd2 Qd8 10. Qe2 d6 11. Rfd1 Nf6 12. Rac1 O-O 13. h3 h6 14. Be3 Qa5
15. a3 Bd7 16. Nd2 b5 17. f4 Rac8 18. Bf2 Qc7 19. Re1 Rfd8 20. e5 Nh7 21. Nf3
dxe5 22. fxe5 Be8 23. Ne4 Qb8 24. Ng3 Nf8 25. Nh5 Ng6 26. Bb1 b4 27. Bxg6 fxg6
28. Nf4 bxa3 29. bxa3 Bf7 30. Qxa6 g5 31. Nxe6 Bxe6 32. Rxc6 Rxc6 33. Qxc6 Bd5
34. Qc3 Qa8 35. Nd4 Rf8 36. Qg3 Qxa3 37. Qxa3 Bxa3 38. e6 Re8 39. Ra1 Bb2 40.
Rd1 Bxe6 41. Re1 Bf7 42. Rxe8+ Bxe8 43. Nf3 Bf6 44. Bd4 Bd8 45. Kf2 Bc6 46. Ne5
Bd5 47. g4 Bf6 48. Nf3 Bxf3 49. Bxf6 gxf6 50. Kxf3 Kf7 51. Ke3 Ke6 52. Ke4 f5+
53. gxf5+ Kf6 54. h4 g4 55. h5 Kg5 56. f6 Kxf6 57. Kf4 g3 58. Kxg3 Kg5 59. Kh3
Kxh5 60. Kg3 Kg5 61. Kg2 h5 62. Kh2 Kg4 63. Kg2 h4 64. Kh1 h3 65. Kg1 Kg3 66.
Kh1 h2 1/2-1/2

[Event "MrDodgy Inv 3 Finals"]
[Site "chess24.com INT"]
[Date "2022.11.30"]
[Round "3.7"]
[White "Carlsen, Magnus"]
[Black "Sevian, Samuel"]
[Result "1-0"]
[WhiteTitle "GM"]
[BlackTitle "GM"]
[WhiteElo "2859"]
[BlackElo "2687"]
[WhiteFideId "1503014"]
[BlackFideId "2040506"]
[EventDate "2022.11.27"]
[EventType "k.o."]

1. d4 Nf6 2. c4 e6 3. Nc3 Bb4 4. Nf3 d5 5. e3 O-O 6. a3 Bxc3+ 7. bxc3 c5 8. Qc2
b6 9. cxd5 exd5 10. c4 cxd4 11. Nxd4 dxc4 12. Bxc4 Bb7 13. O-O Nbd7 14. Bb2 Rc8
15. Qe2 Ne5 16. Ne6 fxe6 17. Bxe5 Bd5 18. Ba6 Rc5 19. Bd4 Rc7 20. f3 Nd7 21. e4
Bb3 22. Bb5 Qg5 23. Be3 Qe5 24. Rac1 Nc5 25. Bc4 Bxc4 26. Rxc4 Rd7 27. Rfc1 Rfd8
28. Bxc5 bxc5 29. Rxc5 Qd4+ 30. Qf2 Qa4 31. h3 Qxa3 32. Kh2 h6 33. Qg3 Qb2 34.
Rc6 Qf6 35. Ra6 Re7 36. Rcc6 Rde8 37. Rc5 Qf7 38. Qe5 Kh7 39. Rca5 Qf6 40. Qxf6
gxf6 41. h4 Kg6 42. h5+ Kf7 43. Rxa7 e5 44. Kh3 Rb8 45. Rxe7+ Kxe7 46. Ra7+ Ke6
47. Rh7 Rb1 48. Rxh6 Rh1+ 49. Kg4 1-0

[Event "MrDodgy Inv 3 Finals"]
[Site "chess24.com INT"]
[Date "2022.11.30"]
[Round "3.8"]
[White "Sevian, Samuel"]
[Black "Carlsen, Magnus"]
[Result "0-1"]
[WhiteTitle "GM"]
[BlackTitle "GM"]
[WhiteElo "2687"]
[BlackElo "2859"]
[WhiteFideId "2040506"]
[BlackFideId "1503014"]
[EventDate "2022.11.27"]
[EventType "k.o."]

1. e4 d6 2. d4 Nf6 3. Nc3 g6 4. Be3 c6 5. Qd2 Nbd7 6. Nf3 Qc7 7. a4 Bg7 8. Bh6
O-O 9. h4 e5 10. h5 exd4 11. Nxd4 Nc5 12. Bxg7 Kxg7 13. hxg6 fxg6 14. Qh6+ Kg8
15. Bc4+ d5 16. exd5 Qe5+ 17. Nde2 Rf7 18. dxc6 Be6 19. Bxe6 Nxe6 20. Qe3 Qxe3
21. fxe3 bxc6 22. O-O-O Re7 23. Rd6 Rc8 24. Nf4 Nxf4 25. exf4 Kg7 26. Rhd1 Rcc7
27. b3 h5 28. Kb2 Ng4 29. a5 Ne3 30. R1d2 h4 31. R6d3 Nf5 32. Na4 Kh6 33. Nc5
Kh5 34. Rd8 Kg4 35. Rg8 Rg7 36. Re8 Rce7 37. Rc8 Kxf4 38. Rxc6 Kg3 39. b4 Ne3
40. b5 Nc4+ 41. Kc3 Nxd2 42. Kxd2 Kxg2 43. Ne6 Rgf7 44. Ng5 Rf4 45. b6 axb6 46.
axb6 h3 47. Nxh3 Kxh3 48. Rxg6 Rb7 49. Kc3 Kh4 50. Kb3 Kh5 51. Rd6 Rf1 52. c4
Rb1+ 53. Ka4 Rb8 54. Rd5+ Kg6 55. Rb5 Rxb6 0-1

[Event "MrDodgy Inv 3 Finals"]
[Site "chess24.com INT"]
[Date "2022.12.01"]
[Round "4.1"]
[White "Carlsen, Magnus"]
[Black "Dubov, Daniil"]
[Result "1-0"]
[WhiteTitle "GM"]
[BlackTitle "GM"]
[WhiteElo "2859"]
[BlackElo "2708"]
[WhiteFideId "1503014"]
[BlackFideId "24126055"]
[EventDate "2022.11.27"]
[EventType "k.o."]

1. e4 c5 2. Nf3 Nc6 3. Bb5 e5 4. O-O Nge7 5. Re1 g6 6. d3 Bg7 7. Bg5 h6 8. Bxe7
Nxe7 9. Nc3 O-O 10. Bc4 d6 11. Nd5 Nc6 12. c3 Kh7 13. a4 Be6 14. h3 Rc8 15. Ne3
Bd7 16. Bd5 Qe7 17. a5 Rb8 18. Qd2 Nd8 19. Bc4 Ne6 20. Nd5 Qd8 21. b4 cxb4 22.
cxb4 f5 23. Qe3 Rc8 24. Rac1 Nd4 25. Nxd4 exd4 26. Qg3 Be5 27. f4 Bg7 28. exf5
Bxf5 29. Re7 Kh8 30. Rce1 b5 31. axb6 axb6 32. Qf2 b5 33. Rxg7 Kxg7 34. Qxd4+
Kg8 35. Nf6+ Kh8 36. Nh5+ Kh7 37. Qg7# 1-0

[Event "MrDodgy Inv 3 Finals"]
[Site "chess24.com INT"]
[Date "2022.12.01"]
[Round "4.2"]
[White "Dubov, Daniil"]
[Black "Carlsen, Magnus"]
[Result "0-1"]
[WhiteTitle "GM"]
[BlackTitle "GM"]
[WhiteElo "2708"]
[BlackElo "2859"]
[WhiteFideId "24126055"]
[BlackFideId "1503014"]
[EventDate "2022.11.27"]
[EventType "k.o."]

1. d4 Nf6 2. c4 e6 3. Nf3 Bb4+ 4. Nbd2 O-O 5. g3 b6 6. Bg2 Bb7 7. O-O Be7 8. Qc2
d5 9. b3 c5 10. Bb2 Nbd7 11. Rac1 Rc8 12. Rfd1 h6 13. Qb1 dxc4 14. Nxc4 b5 15.
Nce5 Be4 16. Qa1 Nxe5 17. dxe5 Nd5 18. Nd2 Bxg2 19. Kxg2 Qb6 20. Qb1 Rfd8 21.
Qe4 Qa5 22. a3 Nb6 23. Qe3 c4 24. Ne4 Rxd1 25. Rxd1 Nd5 26. Qf3 c3 27. b4 Qa4
28. Rc1 Qb3 29. Nxc3 Nxb4 30. axb4 Qxb2 31. Nd5 Qxc1 32. Nxe7+ Kf8 33. Nxc8 Qxc8
34. Qe3 Qa8+ 35. f3 Kg8 36. Qc5 a5 37. Qxb5 a4 38. Qc4 a3 39. Qa2 Qa4 40. b5
Qxb5 41. Qxa3 Qxe2+ 42. Kh3 Qxe5 0-1

[Event "MrDodgy Inv 3 Finals"]
[Site "chess24.com INT"]
[Date "2022.12.01"]
[Round "4.3"]
[White "Carlsen, Magnus"]
[Black "Dubov, Daniil"]
[Result "1/2-1/2"]
[WhiteTitle "GM"]
[BlackTitle "GM"]
[WhiteElo "2859"]
[BlackElo "2708"]
[WhiteFideId "1503014"]
[BlackFideId "24126055"]
[EventDate "2022.11.27"]
[EventType "k.o."]

1. e4 c5 2. Nf3 Nc6 3. Bb5 e5 4. O-O Nge7 5. Re1 g6 6. d3 Bg7 7. Bg5 O-O 8. Nc3
d6 9. Bc4 Kh8 10. Bxe7 Nxe7 11. Ng5 d5 12. exd5 Nf5 13. Nf3 Re8 14. Ne4 b6 15.
Bb5 Re7 16. c4 Nd6 17. Nxd6 Qxd6 18. Nd2 Bf5 19. Qf3 Rf8 20. a3 a5 21. Ne4 Qd8
22. b4 cxb4 23. axb4 axb4 24. Reb1 Bxe4 25. dxe4 f5 26. Rxb4 fxe4 27. Qxe4 Rf4
28. Qe1 Ref7 29. Rba4 Qf6 30. Ra8+ Bf8 31. Be8 Rc7 32. g3 Rfxc4 33. Bb5 Rc2 34.
Bd3 R2c3 35. Rxf8+ Qxf8 36. Qxe5+ Qg7 37. Qe6 Rc1+ 38. Rxc1 Rxc1+ 39. Kg2 Rd1
40. Qe2 Rc1 41. d6 Rc8 42. Bb5 Qb7+ 43. Kh3 Qd5 44. d7 Rf8 45. f4 Kg7 46. Qe7+
Kg8 47. Bc4 Qxc4 48. Qxf8+ Kxf8 49. d8=Q+ Kf7 50. Qxb6 Qf1+ 51. Kh4 Qe2 52. Qc7+
Kf6 53. Qd6+ Kf7 54. Qd5+ Kf6 55. h3 h6 56. Qd6+ Kf7 57. Qd5+ Kf6 58. Qd6+ Kf7
59. Qd7+ Kf6 60. Qc6+ Kf7 61. Qd5+ Kf6 1/2-1/2

[Event "MrDodgy Inv 3 Finals"]
[Site "chess24.com INT"]
[Date "2022.12.01"]
[Round "4.4"]
[White "Dubov, Daniil"]
[Black "Carlsen, Magnus"]
[Result "1/2-1/2"]
[WhiteTitle "GM"]
[BlackTitle "GM"]
[WhiteElo "2708"]
[BlackElo "2859"]
[WhiteFideId "24126055"]
[BlackFideId "1503014"]
[EventDate "2022.11.27"]
[EventType "k.o."]

1. d4 Nf6 2. Nf3 b6 3. g3 Bb7 4. Bg2 c5 5. c3 g6 6. O-O Bg7 7. Bg5 O-O 8. Nbd2
cxd4 9. cxd4 h6 10. Bxf6 Bxf6 11. e3 Nc6 12. a3 Rc8 13. Rc1 d5 14. Qa4 Rc7 15.
Rc3 Qb8 16. Rfc1 Rfc8 17. Qc2 e6 18. Ne5 Bxe5 19. dxe5 d4 20. Rc4 dxe3 21. fxe3
Rd7 22. Qc3 Rcd8 23. Ne4 Rd1+ 24. Rxd1 Rxd1+ 25. Kf2 Nxe5 26. Nf6+ Kg7 27. Ng4
Rd3 28. Qxe5+ Qxe5 29. Nxe5 Rd2+ 30. Ke1 Rxg2 31. Rc7 Bd5 32. Rxf7+ Kg8 33. Rd7
Rxh2 34. Ng4 Rxb2 35. Nf6+ Kf8 36. Nh7+ Kg8 37. Nf6+ Kf8 38. Nh7+ Kg8 39. Nf6+ 1/2-1/2

[Event "MrDodgy Inv 3 Finals"]
[Site "chess24.com INT"]
[Date "2022.12.01"]
[Round "4.5"]
[White "Carlsen, Magnus"]
[Black "Dubov, Daniil"]
[Result "1-0"]
[WhiteTitle "GM"]
[BlackTitle "GM"]
[WhiteElo "2859"]
[BlackElo "2708"]
[WhiteFideId "1503014"]
[BlackFideId "24126055"]
[EventDate "2022.11.27"]
[EventType "k.o."]

1. e4 e5 2. Nf3 Nc6 3. Bb5 a6 4. Ba4 Nf6 5. O-O Nxe4 6. d4 b5 7. Bb3 d5 8. a4 b4
9. dxe5 Be6 10. Be3 Bc5 11. Qe2 O-O 12. Rd1 Re8 13. Nbd2 Qe7 14. Nf1 Red8 15. a5
Bxe3 16. Nxe3 d4 17. Nd5 Bxd5 18. Bxd5 Rxd5 19. Qxe4 Rad8 20. Re1 Qe6 21. h3 h6
22. Qd3 Nxa5 23. b3 Nb7 24. Qc4 a5 25. Qxc7 R5d7 26. Qc4 Qxc4 27. bxc4 Rc7 28.
e6 fxe6 29. Ne5 Ra8 30. Red1 Rc5 31. f4 Rd8 32. h4 g5 33. hxg5 hxg5 34. g3 gxf4
35. gxf4 Kg7 36. Kf2 Kf6 37. Rh1 Rxe5 38. fxe5+ Kxe5 39. Rh5+ Kd6 40. Ke2 Kc6
41. Re5 Kd6 42. Rb5 Kc6 43. Rh5 Ra8 44. Kd3 Rd8 45. Kd2 Ra8 46. Re1 Kd6 47. Ree5
a4 48. Rb5 a3 49. Rxb7 a2 50. c5+ Kc6 51. Rb6+ Kc7 52. Rh7+ 1-0

[Event "MrDodgy Inv 3 Finals"]
[Site "chess24.com INT"]
[Date "2022.12.01"]
[Round "4.6"]
[White "Dubov, Daniil"]
[Black "Carlsen, Magnus"]
[Result "0-1"]
[WhiteTitle "GM"]
[BlackTitle "GM"]
[WhiteElo "2708"]
[BlackElo "2859"]
[WhiteFideId "24126055"]
[BlackFideId "1503014"]
[EventDate "2022.11.27"]
[EventType "k.o."]

1. d4 Nf6 2. Nf3 b6 3. Bg5 e6 4. e4 h6 5. Bxf6 Qxf6 6. c3 Bb7 7. Nbd2 c5 8. d5
exd5 9. Bd3 Be7 10. O-O O-O 11. Re1 Re8 12. exd5 Bxd5 13. Ne4 Qf4 14. Bc2 Be6
15. g3 Qg4 16. Nd6 Bxd6 17. Qxd6 Nc6 18. Be4 Bxa2 19. h3 Qe6 20. Bh7+ Kxh7 21.
Rxe6 Bxe6 22. Kh2 Kg8 23. g4 f6 24. Rg1 Re7 25. h4 Rf7 26. Rg3 Ne5 27. Nxe5 fxe5
28. g5 Rxf2+ 29. Kg1 Raf8 30. gxh6 Rf1+ 31. Kh2 R8f2+ 32. Rg2 Rxg2+ 33. Kxg2 Rf7
34. Qxe5 gxh6 35. Qb8+ Kg7 36. Qxa7 Rf6 37. Kg3 Bf5 38. Qc7 Kf7 39. Qe5 c4 40.
Qc7 Be6 41. Qxb6 Rg6+ 42. Kf4 Rg4+ 43. Ke5 Kg6 44. Qd8 Kh5 45. Qf6 Rxh4 46. Qf3+
Rg4 47. Kf6 Kh4 48. Qf2+ Kh3 49. Qe3+ Kg2 50. Qxh6 Kf3 51. Qd2 Rg2 52. Qc1 0-1

[Event "MrDodgy Inv 3 Finals"]
[Site "chess24.com INT"]
[Date "2022.12.01"]
[Round "4.7"]
[White "Carlsen, Magnus"]
[Black "Dubov, Daniil"]
[Result "1-0"]
[WhiteTitle "GM"]
[BlackTitle "GM"]
[WhiteElo "2859"]
[BlackElo "2708"]
[WhiteFideId "1503014"]
[BlackFideId "24126055"]
[EventDate "2022.11.27"]
[EventType "k.o."]

1. e4 e5 2. Nf3 Nc6 3. Bb5 a6 4. Ba4 Nf6 5. d3 Bc5 6. Bxc6 dxc6 7. Nbd2 Qe7 8.
b3 Be6 9. Bb2 Ng4 10. O-O f6 11. a3 O-O-O 12. b4 Ba7 13. Qe2 g5 14. c4 Qd7 15.
Ne1 Bd4 16. Bxd4 Qxd4 17. Nb3 Qc3 18. Nc5 Qxa1 19. Nxe6 Nh6 20. Qh5 Rd6 21. Ng7
f5 22. exf5 e4 23. c5 Rd7 24. Qxh6 exd3 25. Nxd3 Qxg7 26. Qxg7 Rxg7 27. f4 g4
28. f6 Rf7 29. Ne5 Rxf6 30. Nxg4 Re6 31. f5 Re4 32. Nf6 Re3 33. g4 h6 34. Kg2
Rd8 35. h4 Rxa3 36. g5 hxg5 37. hxg5 Rdd3 38. Ne4 Rd4 39. Rf4 Re3 40. f6 1-0

[Event "MrDodgy Inv 3 Finals"]
[Site "chess24.com INT"]
[Date "2022.12.01"]
[Round "4.8"]
[White "Dubov, Daniil"]
[Black "Carlsen, Magnus"]
[Result "1/2-1/2"]
[WhiteTitle "GM"]
[BlackTitle "GM"]
[WhiteElo "2708"]
[BlackElo "2859"]
[WhiteFideId "24126055"]
[BlackFideId "1503014"]
[EventDate "2022.11.27"]
[EventType "k.o."]

1. d4 Nf6 2. Nf3 b6 3. Bg5 e6 4. Nbd2 h6 5. Bxf6 Qxf6 6. e4 Bb7 7. c3 d6 8. Bb5+
c6 9. Bd3 Nd7 10. O-O Qd8 11. Re1 Be7 12. Qe2 Qc7 13. a4 a6 14. Nf1 e5 15. Ne3
O-O 16. Nf5 Rfe8 17. Bc4 Nf6 18. dxe5 dxe5 19. g4 b5 20. Ba2 c5 21. axb5 axb5
22. Qxb5 Bxe4 23. Rxe4 Nxe4 24. Bxf7+ Kxf7 25. Qc4+ Kf8 26. Rxa8 Rxa8 27. Qxe4
Re8 28. h4 Qd8 29. Qxe5 Bf6 30. Qxc5+ Kg8 31. Qc4+ Kh8 32. Kg2 Qa8 33. Qf7 Rf8
34. Qg6 Qe8 35. Qxe8 Rxe8 36. g5 hxg5 37. hxg5 Bd8 38. N5d4 Kg8 39. b4 Bb6 40.
Nb5 Re2 41. Nfd4 Rd2 42. Kf3 Bxd4 43. Nxd4 Rd3+ 44. Ke4 Rxc3 45. b5 Rc1 46. Kd5
Rb1 47. Kc5 Rc1+ 48. Kd6 Rd1 49. Kd5 Rb1 50. Kc6 Rc1+ 51. Kb7 Kf7 52. b6 Ke8 53.
Nc6 Kd7 54. Ne5+ Kd6 55. f4 Rc3 56. Ka7 Rb3 57. Kb7 Rb1 58. Nc4+ Kc5 59. Kc7
Kxc4 60. f5 Kd5 61. b7 Ke5 62. f6 gxf6 63. gxf6 Rxb7+ 64. Kxb7 Kxf6 1/2-1/2